000 00376 a2200157 4500
001 52327
020 _a
040 _cAnchieta - Pituba
100 _aEvert
240 1 0 _a1ª Avaliação de língua portuguesa, I unidade
_lpor
245 1 0 _a1ª Avaliação de língua portuguesa, I unidade
300 _a10
362 0 _a2015
650 4 _aLíngua Portuguesa
942 _cBK
999 _c52327
_d52327